Discursos sobre la lectura : 1880-1980 /
Esta obra presenta una selección de discursos referentes a la práctica cultural de la lectura a lo largo de la historia moderna europea y que dan testimonio del lugar que ocuparon u ocupan los libros y los lectores dentro del imaginario colectivo en distintas épocas históricas y contextos sociales e...
সংরক্ষণ করুন:
| প্রধান লেখক: | |
|---|---|
| অন্যান্য লেখক: | |
| বিন্যাস: | গ্রন্থ |
| ভাষা: | স্প্যানিশ |
| প্রকাশিত: |
Barcelona, España :
Gedisa,
1998, c1998
|
| মালা: | (Lea ;
1) |
| বিষয়গুলি: | |
| ট্যাগগুলো: |
কোনো ট্যাগ নেই, প্রথমজন হিসাবে ট্যাগ করুন!
|
MARC
| LEADER | 00000nam^a2200000^a^4500 | ||
|---|---|---|---|
| 001 | 000143602 | ||
| 005 | 20250521000000.0 | ||
| 009 | 20260310095731.427 | ||
| 020 | |a 84-7432-485-8 | ||
| 037 | |a Acervo ITESO - Biblioteca | ||
| 041 | |a ESP | ||
| 082 | |a 302. 23209 |b LEA V. 1 | ||
| 100 | |a Chartier, Anne-Marie |e (autor) | ||
| 240 | 1 | 1 | |a [Lea] |
| 240 | 1 | 1 | |a [Discursos sobre la lectura] |
| 245 | 1 | 0 | |a Discursos sobre la lectura : |b 1880-1980 / |c A.M. Chartier, J. Hébrard ; tr. por Alberto L. Bixio. |
| 264 | 4 | |a Barcelona, España : |b Gedisa, |c 1998, c1998 | |
| 300 | |a 583 p. | ||
| 336 | |a texto |b txt |2 rdacontenido | ||
| 337 | |a sin mediación |b n |2 rdamedio | ||
| 338 | |a volumen |b nc |2 rdasoporte | ||
| 440 | 1 | |a (Lea ; |v 1) | |
| 500 | |a Traducción de: Discours sur la lecture (1880-1980) | ||
| 520 | |a Esta obra presenta una selección de discursos referentes a la práctica cultural de la lectura a lo largo de la historia moderna europea y que dan testimonio del lugar que ocuparon u ocupan los libros y los lectores dentro del imaginario colectivo en distintas épocas históricas y contextos sociales específicos. | ||
| 649 | |a XX | ||
| 650 | |a Lectura - |x Historia | ||
| 650 | |a Prácticas Culturales - |z Francia - |x Historia | ||
| 650 | |a Prácticas Culturales - |z Europa - |x Historia | ||
| 650 | |a Libros | ||
| 650 | |a Medios de Comunicación - |x Historia | ||
| 650 | |a Comunicación Escrita - |z Francia | ||
| 650 | |a Comunicación Escrita - |z Europa - |x Historia y Crítica | ||
| 650 | |a Arte | ||
| 650 | |a Educación | ||
| 650 | |a Representación (Filosofía) | ||
| 650 | |a Lenguaje y Lenguas | ||
| 650 | |a Lenguaje y Educación | ||
| 650 | |a Lenguaje y Pensamiento | ||
| 650 | |a Discurso Religioso | ||
| 650 | |a Discurso Político | ||
| 650 | |a Discurso Educativo | ||
| 650 | |a Catolicismo | ||
| 650 | |a Cristianismo | ||
| 650 | |a Religión | ||
| 650 | |a Cultura | ||
| 650 | |a Tecnología | ||
| 650 | |a Cultura | ||
| 650 | |a Desarrollo Económico-Social | ||
| 650 | |a Sociología de la Cultura | ||
| 700 | |a Hébrard, Jean |e (autor) | ||
| 910 | |a Fondo General | ||
| 920 | |a Impresos - Libros | ||
| 930 | |a Colección General | ||
| 905 | |a 101 | ||
| 901 | |a 0500072124 |b IT1 |c ACC |u 20250521 | ||
| 901 | |a 0500072121 |b IT1 |c ACC |u 20250521 | ||
| 902 | |a https://opac.biblio.iteso.mx/vufind/Record/000143602 | ||